Loud House Characters - Sudden Death - Statistics

General Stats
  • This quiz has been taken 80 times
  • The average score is 6 of 10
Answers on the Grid
Answers color-coded by a green-red scale on the quiz's grid according to % correct below.
Clyde McBride
Leo Loud
Principal Senora
Rita Loud
James
Leni Loud
Stella
Lucy Loud
Virginia The Cow
Luna Loud
Liam Loud
Rusty Speekes
Chandler
Paul
Liam
Limia Loud
Mr. Bolhogna
Lynn Loud Sr.
Flip
 
Answer Stats
Answer % Correct
Clyde McBride
83%
Leni Loud
74%
Lucy Loud
74%
Luna Loud
71%
Lynn Loud Sr.
69%
Rita Loud
66%
Flip
37%
Liam
37%
Chandler
31%
Stella
29%
No matching quizzes found
Score Distribution
Percent of People with Each Score
Percentile by Number Answered
Your Score History
You have not taken this quiz